| 000 | 00588 a2200181 4500 | ||
|---|---|---|---|
| 020 | _a0964049236 | ||
| 020 | _a9780964049239 | ||
| 082 | _a630 | ||
| 090 |
_c1819 _d1819 |
||
| 100 | 1 | _aDIL, Anwar. | |
| 245 | 1 | 0 |
_aNorman borlaug on world hunger / _cAnwar DIL. |
| 260 |
_a[S.l.] : _bIntercultural Forum, _c1997. |
||
| 300 | _a1 v. (unpaged) | ||
| 500 | _aHardcover. | ||
| 856 | 4 | 0 |
_3Amazon.com _uhttp://www.amazon.com/exec/obidos/ASIN/0964049236/chopaconline-20 |
| 856 | 4 | 0 |
_3Amazon customer reviews _uhttp://www.chopac.org/cgi-bin/tools/azrev.pl?q=0964049236 |
| 942 |
_aNBS _cBK _k630 DIL |
||
| 999 |
_c344330 _d344330 |
||